| Tag |
First Indicator |
Second Indicator |
Subfields |
| LEADER |
00000cam a2200000 i 4500 |
| 001 |
in00000463567 |
| 005 |
20151012163621.0 |
| 008 |
761018s1976 enka 00110 eng |
| 010 |
|
|
|a 74081060
|
| 015 |
|
|
|a GB76-08456
|
| 020 |
|
|
|a 071536751X :
|c 5.50
|
| 035 |
|
|
|a (OCoLC)02364115
|
| 035 |
|
|
|9 ABZ6665AM
|
| 040 |
|
|
|a DLC
|c DLC
|d TXA
|d UtOrBLW
|
| 049 |
|
|
|a TXAM
|c 1 [1394622], 2 [1573310]
|
| 050 |
0 |
0 |
|a TH7425
|b .W47
|
| 082 |
0 |
|
|a 728
|
| 100 |
1 |
|
|a West, Trudy.
|
| 245 |
1 |
4 |
|a The fireplace in the home /
|c [by] Trudy West ; line illustrations by P. C. Young.
|
| 264 |
|
1 |
|a Newton Abbot ;
|a North Pomfret, Vt. :
|b David and Charles,
|c 1976.
|
| 300 |
|
|
|a 160 pages :
|b illustrations ;
|c 22 cm.
|
| 336 |
|
|
|a text
|b txt
|2 rdacontent
|
| 337 |
|
|
|a unmediated
|b n
|2 rdamedia
|
| 338 |
|
|
|a volume
|b nc
|2 rdacarrier
|
| 500 |
|
|
|a Includes index.
|
| 650 |
|
0 |
|a Fireplaces.
|
| 999 |
|
|
|a MARS
|
| 999 |
f |
f |
|s 2daa86e3-33d2-396d-a39d-b683c59452b5
|i 25b931fc-61b3-3218-9a82-de5d10b51a0b
|t 0
|
| 952 |
f |
f |
|p ric
|a Texas A&M University
|b Rellis Campus
|c Joint Library Facility
|d Remote Storage
|t 0
|e TH7425 .W47
|h Library of Congress classification
|i unmediated -- volume
|m A14805415320
|
| 998 |
f |
f |
|a TH7425 .W47
|t 0
|l Remote Storage
|